00769 a2200193 45000010006000000050017000060080041000230030015000640400040000790800072001192450044001910200018002352640052002533000018003055050196003230410008005191000024005277000024005512944920260407155604.0260407a1995 arg spa dAR-UNSa-BCEJYS aAR-UNSa-BCEJYSbspacAR-UNSa-BCEJYS a336.225xMétodo de tributación y administración de impuestos 10aVerificación y fiscalización D.G.I. a950-811-023-6 1aBuenos Aires :bEdiciones Nueva Técnicac1995 a88 p.c28 cm. a1. Verificación y fiscalización - 2. Régimen de fiscalización para determinados contribuyentes - 3. Regímenes de presentación espontánea y de facilidades de pago. Decreto 316/95 aspa1 aRofrano, Omar Angel1 aGomez, Oscar Daniel